Феррозондовый магнитометр для системы ориентации космического аппарата; Неразрушающий контроль; Т. 2

Bibliographische Detailangaben
Parent link:Неразрушающий контроль: сборник трудов VI Всероссийской научно-практической конференции "Неразрушающий контроль: электронное приборостроение, технологии, безопасность", Томск, 23-27 мая 2016 г./ Национальный исследовательский Томский политехнический университет (ТПУ).— , 2016
Т. 2.— 2016.— [5 с.]
1. Verfasser: Тараканец Е. А. Евгений Александрович
Körperschaft: Национальный исследовательский Томский политехнический университет
Weitere Verfasser: Баранов П. Ф. Павел Федорович (научный руководитель)
Zusammenfassung:Заглавие с титульного экрана
Sprache:Russisch
Veröffentlicht: 2016
Schriftenreihe:Электронно-измерительные устройства контроля и диагностики в технике и медицине
Schlagworte:
Online-Zugang:http://earchive.tpu.ru/handle/11683/32905
Format: MixedMaterials Elektronisch Buchkapitel
KOHA link:https://koha.lib.tpu.ru/cgi-bin/koha/opac-detail.pl?biblionumber=620819

MARC

LEADER 00000n a2a2200000 4500
001 620819
005 20260123121411.0
035 |a (RuTPU)RU\TPU\conf\19352 
035 |a RU\TPU\conf\19351 
090 |a 620819 
100 |a 20161018d2016 k y0rusy50 ca 
101 0 |a rus 
102 |a RU 
105 |a y z 101zy 
135 |a drcn ---uucaa 
181 0 |a i  
182 0 |a b 
200 1 |a Феррозондовый магнитометр для системы ориентации космического аппарата  |f Е. А. Тараканец  |g науч. рук. П. Ф. Баранов 
203 |a Текст  |c электронный 
225 1 |a Электронно-измерительные устройства контроля и диагностики в технике и медицине 
300 |a Заглавие с титульного экрана 
320 |a [Библиогр.: 3 назв.] 
461 1 |0 (RuTPU)RU\TPU\conf\19000  |t Неразрушающий контроль  |o сборник трудов VI Всероссийской научно-практической конференции "Неразрушающий контроль: электронное приборостроение, технологии, безопасность", Томск, 23-27 мая 2016 г.  |o в 3 т.  |f Национальный исследовательский Томский политехнический университет (ТПУ)  |d 2016 
463 1 |0 (RuTPU)RU\TPU\conf\19002  |t Т. 2  |v [5 с.]  |d 2016 
610 1 |a труды учёных ТПУ 
610 1 |a электронные ресурсы 
610 1 |a феррозонды 
610 1 |a магнитометры 
610 1 |a космические аппараты 
610 1 |a магнитное поле 
610 1 |a магнитометры 
700 1 |a Тараканец  |b Е. А.  |c специалист в области точного приборостроения  |c лаборант Томского политехнического университета  |f 1989-  |g Евгений Александрович  |3 (RuTPU)RU\TPU\pers\30960 
702 1 |a Баранов  |b П. Ф.  |c специалист в области контрольно-измерительной техники  |c доцент Томского политехнического университета, программист, кандидат технических наук  |f 1987-  |g Павел Федорович  |4 727 
712 0 2 |a Национальный исследовательский Томский политехнический университет  |c (2009- )  |9 26305 
801 2 |a RU  |b 63413507  |c 20161214  |g RCR 
856 4 |u http://earchive.tpu.ru/handle/11683/32905 
942 |c BK